000 00642nam a2200217Ia 4500
005 20241129111210.0
008 241129s9999||||xx |||||||||||||| ||und||
020 _a978-81-958394-1-4
037 _aTB
040 _aCRL
_beng
_cCRL
041 _aeng
_2eng
084 _aV3.M R3
_qCRL
100 _aRahul Govind Au.
_9723607
245 0 _aKing's plunder the king's bodies: prize laws the british empire and the modern legal order
_cRahul Govind Au.
260 _aNew Delhi, India
_bTulika Books
_c2023
300 _axii,348p.
365 _aINR
_b1350
650 _a History
942 _cTB
_hV3.M R3
999 _c1229349
_d1229349